Normal view
MARC view
- ALGEBRA. MATRICS.TRIGNOMETRY
Entry Topical Term
001 - CONTROL NUMBER
- control field: 59803
003 - CONTROL NUMBER IDENTIFIER
- control field: NUST
005 - DATE AND TIME OF LATEST TRANSACTION
- control field: 20210628202417.0
008 - FIXED-LENGTH DATA ELEMENTS
- fixed length control field: 210628|| aca||aabn | a|a d
040 ## - CATALOGING SOURCE
- Original cataloging agency: NUST
- Transcribing agency: NUST
150 ## - HEADING--TOPICAL TERM
- Topical term or geographic name entry element: ALGEBRA. MATRICS.TRIGNOMETRY
670 ## - SOURCE DATA FOUND
- Source citation: Work cat.: (NUST): Pande, H . D Sing, Nand .Lal Mehrotra, Sharad Pandey, Ds 59802, A textbook of algebra, matrics and trignometry, 2005
